[Event "CYCC U18"]
[Site "Calgary CAN"]
[Date "2023.07.21"]
[Round "5.3"]
[White "Gao, Raymond"]
[Black "Kapra, Jerjis"]
[Result "1/2-1/2"]
[WhiteElo "2222"]
[BlackElo "2198"]
[PlyCount "54"]
[EventDate "2023.07.19"]
[EventType "swiss"]
[EventRounds "5"]
[EventCountry "CAN"]

1. e4 e5 2. Nf3 Nc6 3. d4 exd4 4. Bc4 Nf6 5. e5 Ng4 6. O-O Be7 7. Re1 d6 8.
exd6 Qxd6 9. b3 O-O 10. Ba3 Qd8 11. Bxe7 Nxe7 12. Qxd4 Qxd4 13. Nxd4 Nf5 14.
Nxf5 Bxf5 15. Re7 Rad8 16. Nc3 Rd7 17. Rae1 Nf6 18. f3 Rfd8 19. g4 Kf8 20. Rxd7
Bxd7 21. Rd1 h6 22. h4 g5 23. hxg5 hxg5 24. Kf2 Ke7 25. Ke3 Rh8 26. Nd5+ Nxd5+
27. Bxd5 Bc8 1/2-1/2

[Event "CYCC U18"]
[Site "Calgary CAN"]
[Date "2023.07.21"]
[Round "5.4"]
[White "Qiu, Andrew Yu"]
[Black "Wang, Jerry"]
[Result "1/2-1/2"]
[WhiteElo "1867"]
[BlackElo "2122"]
[PlyCount "163"]
[EventDate "2023.07.19"]
[EventType "swiss"]
[EventRounds "5"]
[EventCountry "CAN"]

1. e4 e5 2. Nf3 Nc6 3. Bb5 Nf6 4. O-O d6 5. c3 Be7 6. Re1 O-O 7. h3 a6 8. Ba4
b5 9. Bc2 Bb7 10. d4 exd4 11. cxd4 Nb4 12. Nbd2 Nxc2 13. Qxc2 d5 14. e5 Ne4 15.
Nxe4 dxe4 16. Rxe4 Bxe4 17. Qxe4 Qd7 18. Bg5 Rad8 19. Bxe7 Qxe7 20. Qc6 Qd7 21.
Rc1 Qxc6 22. Rxc6 Rd7 23. Rxa6 h6 24. Kf1 b4 25. Ke2 Rc8 26. Ra7 Rdd8 27. Rb7
c5 28. dxc5 Rxc5 29. Rxb4 Rc2+ 30. Ke3 Rd1 31. Nd4 Re1+ 32. Kf3 Rd2 33. a4 Rxe5
34. Nb5 Ree2 35. a5 Rxf2+ 36. Ke3 Rfe2+ 37. Kf3 Rxb2 38. Ra4 Re8 39. Nc7 Rc8
40. a6 Rxc7 41. a7 Rxa7 42. Rxa7 g6 43. Ra6 Kg7 44. Ra7 Rb6 45. h4 Rb3+ 46. Kf2
Rb5 47. g3 g5 48. hxg5 hxg5 49. Kg2 g4 50. Ra4 f5 51. Ra6 Rb2+ 52. Kg1 Kf7 53.
Kf1 Rb4 54. Kg2 Re4 55. Kf2 Ke7 56. Rb6 Ra4 57. Rc6 Ra3 58. Rb6 Rf3+ 59. Kg2
Rd3 60. Kf2 Rd6 61. Rb5 Kf6 62. Rb8 Ke5 63. Ke3 Ra6 64. Rb5+ Kf6 65. Kf4 Ra4+
66. Ke3 Ra3+ 67. Kf2 Rf3+ 68. Kg2 Rd3 69. Kf2 Ke6 70. Ra5 Rd5 71. Ra8 Rc5 72.
Re8+ Kf7 73. Rb8 Rc2+ 74. Ke3 Rg2 75. Kf4 Rf2+ 76. Ke5 Rf3 77. Rb6 Rxg3 78.
Kxf5 Rg1 79. Kf4 Kg7 80. Rc6 Kh7 81. Rb6 g3 82. Kf3 1/2-1/2

[Event "CYCC U18"]
[Site "Calgary CAN"]
[Date "2023.07.21"]
[Round "5.6"]
[White "Qiu, Peter Yong"]
[Black "Xu, Philip"]
[Result "0-1"]
[WhiteElo "1887"]
[BlackElo "1878"]
[PlyCount "126"]
[EventDate "2023.07.19"]
[EventType "swiss"]
[EventRounds "5"]
[EventCountry "CAN"]

1. e4 c6 2. d4 d5 3. f3 Qb6 4. Nc3 dxe4 5. fxe4 e5 6. Nf3 exd4 7. Qxd4 Qxd4 8.
Nxd4 Bb4 9. Bd2 Nf6 10. Bd3 O-O 11. O-O-O Re8 12. h3 Nbd7 13. Rhe1 Ne5 14. a3
Ba5 15. Nb3 Bb6 16. Be3 Bxe3+ 17. Rxe3 Be6 18. Nd4 Bc4 19. Nf3 Nxd3+ 20. cxd3
Ba6 21. Ree1 Rad8 22. d4 Bc4 23. Kc2 Re7 24. b3 Ba6 25. d5 Red7 26. Ne5 Re7 27.
Nc4 cxd5 28. exd5 Rc7 29. Rd4 b5 30. Ne5 Nxd5 31. Rxd5 Rxd5 32. Nc6 Kf8 33.
Nxd5 Rxc6+ 34. Kb2 Bc8 35. Rc1 Rxc1 36. Kxc1 Be6 37. Nc3 a6 38. b4 Bc4 39. g3
f5 40. Kd2 Ke7 41. Ke3 g5 42. h4 h6 43. hxg5 hxg5 44. Nd1 Ke6 45. Kd4 Bd5 46.
Ne3 Bb7 47. Nf1 f4 48. gxf4 gxf4 49. Nd2 Kf5 50. Kc5 Be4 51. Kd4 Bc2 52. Kc3
Bd1 53. Kd3 Kg4 54. Ne4 Kf3 55. Nc5 Be2+ 56. Kd2 Bc4 57. Nxa6 Ke4 58. Nc5+ Kd4
59. a4 bxa4 60. Nxa4 f3 61. Nc3 f2 62. Ne2+ Ke4 63. Kd1 Kf3 0-1

[Event "CYCC U18"]
[Site "Calgary CAN"]
[Date "2023.07.21"]
[Round "5.7"]
[White "Yim, Justin"]
[Black "Han, Johnathan"]
[Result "0-1"]
[WhiteElo "967"]
[BlackElo "2404"]
[PlyCount "60"]
[EventDate "2023.07.19"]
[EventType "swiss"]
[EventRounds "5"]
[EventCountry "CAN"]

1. c4 c5 2. g3 Nf6 3. Bg2 Nc6 4. Nf3 e5 5. d3 d5 6. cxd5 Nxd5 7. Nc3 Nc7 8. O-O
Be7 9. a3 O-O 10. Qc2 Bd7 11. e4 Be6 12. b3 Rc8 13. Be3 Qd7 14. Rfd1 f6 15.
Rac1 Rfd8 16. Ne1 Bf8 17. f4 Qf7 18. Rb1 Nd4 19. Bxd4 cxd4 20. f5 dxc3 21. fxe6
Nxe6 22. b4 Nd4 23. Qf2 c2 24. Nxc2 Rxc2 25. Qe3 Qh5 26. Rd2 Rdc8 27. Rxc2 Rxc2
28. Rc1 Rxc1+ 29. Qxc1 Ne2+ 30. Kf1 Nxc1 0-1

[Event "CYCC U18"]
[Site "Calgary CAN"]
[Date "2023.07.21"]
[Round "5.9"]
[White "Fu, Matt"]
[Black "Jacobs, Michael"]
[Result "0-1"]
[WhiteElo "1186"]
[BlackElo "2026"]
[PlyCount "96"]
[EventDate "2023.07.19"]
[EventType "swiss"]
[EventRounds "5"]
[EventCountry "CAN"]

1. d4 d5 2. Bf4 Nf6 3. Nf3 c5 4. e3 Nc6 5. c3 Qb6 6. Qb3 c4 7. Qc2 Bf5 8. Qc1
e6 9. Nbd2 Qd8 10. Nh4 Bg6 11. Nxg6 hxg6 12. Qc2 b5 13. e4 Be7 14. h3 O-O 15.
e5 Nd7 16. Be2 b4 17. cxb4 Nxd4 18. Qd1 Bxb4 19. O-O Nc5 20. Be3 Nxe2+ 21. Qxe2
Nd3 22. b3 Nxe5 23. bxc4 Bxd2 24. Bxd2 Nxc4 25. Bb4 Re8 26. Rac1 Qb6 27. a3 a5
28. Bd2 Qb2 29. Rfd1 Nxd2 30. Qxd2 Qxd2 31. Rxd2 Rec8 32. Rdc2 Rxc2 33. Rxc2
Kf8 34. Kf1 Ke7 35. Ke2 Ra7 36. Ke3 Rb7 37. Kd4 Kd6 38. Rc3 e5+ 39. Kd3 d4 40.
Rc8 Rb3+ 41. Kc2 Rxa3 42. Kb2 Rd3 43. Kc2 Rc3+ 44. Rxc3 dxc3 45. Kxc3 Kc5 46.
g4 f5 47. gxf5 gxf5 48. f3 g5 0-1

[Event "CYCC U18"]
[Site "Calgary CAN"]
[Date "2023.07.21"]
[Round "5.11"]
[White "Yoker, Callum"]
[Black "Yuan, Justin"]
[Result "1/2-1/2"]
[WhiteElo "1652"]
[BlackElo "1519"]
[PlyCount "61"]
[EventDate "2023.07.19"]
[EventType "swiss"]
[EventRounds "5"]
[EventCountry "CAN"]

1. Nf3 d5 2. e3 Nf6 3. b3 Bf5 4. Be2 e6 5. Nh4 Nbd7 6. Nxf5 exf5 7. c4 dxc4 8.
bxc4 Bd6 9. d4 c5 10. O-O Qc7 11. h3 O-O 12. Nc3 a6 13. Rb1 Rab8 14. Qc2 g6 15.
a4 b6 16. Bd2 Rfe8 17. Rfc1 Ne4 18. Nd5 Qd8 19. Be1 Ndf6 20. Nxf6+ Qxf6 21. d5
Qe5 22. g3 a5 23. Bf3 Nf6 24. Bc3 Qe7 25. Rb3 Nd7 26. Bg2 h5 27. h4 Be5 28.
Rcb1 Qd6 29. Qb2 f6 30. Qc2 Kf7 31. Qd3 1/2-1/2

[Event "CYCC U18"]
[Site "Calgary CAN"]
[Date "2023.07.21"]
[Round "5.12"]
[White "Eirew, David"]
[Black "Scrieciu, Cristian"]
[Result "1-0"]
[WhiteElo "1336"]
[BlackElo "1626"]
[PlyCount "55"]
[EventDate "2023.07.19"]
[EventType "swiss"]
[EventRounds "5"]
[EventCountry "CAN"]

1. e4 c6 2. d4 d5 3. e5 c5 4. dxc5 e6 5. Be3 Nd7 6. Bb5 Ne7 7. c3 a6 8. Ba4 Nc6
9. f4 Nxc5 10. Bc2 Be7 11. Nf3 Nd7 12. h4 Bc5 13. Bd4 Qb6 14. b4 Bxd4 15. Nxd4
a5 16. Nxc6 bxc6 17. Qd2 axb4 18. cxb4 Ba6 19. a3 O-O 20. Nc3 f6 21. exf6 Rxf6
22. O-O-O c5 23. Nxd5 Qb8 24. Ne7+ Kf8 25. Nc6 Qb5 26. Qxd7 Bc8 27. Qe7+ Kg8
28. Rd8+ 1-0

[Event "CYCC U18"]
[Site "Calgary CAN"]
[Date "2023.07.21"]
[Round "5.13"]
[White "Pan, Kane"]
[Black "Guo, Roger"]
[Result "1-0"]
[WhiteElo "1574"]
[BlackElo "1413"]
[PlyCount "123"]
[EventDate "2023.07.19"]
[EventType "swiss"]
[EventRounds "5"]
[EventCountry "CAN"]

1. d4 Nf6 2. c4 e6 3. g3 d5 4. Nf3 c6 5. Bg2 Bb4+ 6. Bd2 Be7 7. O-O O-O 8. Qc2
b6 9. cxd5 cxd5 10. Nc3 Bb7 11. Ne5 Nbd7 12. Bg5 h6 13. Nxd7 Qxd7 14. Bxf6 Bxf6
15. e3 Rfc8 16. Qd3 a5 17. Rfd1 Ba6 18. Qd2 Be7 19. a3 b5 20. e4 b4 21. Ne2 Bb7
22. axb4 Bxb4 23. Qd3 dxe4 24. Bxe4 Bxe4 25. Qxe4 Rd8 26. Nf4 Ra6 27. Rd3 Rd6
28. Rad1 f6 29. d5 exd5 30. Rxd5 Rxd5 31. Rxd5 Qe8 32. Qe6+ Qxe6 33. Rxd8+ Kf7
34. Nxe6 Kxe6 35. Kg2 Kf5 36. Kf3 h5 37. Rd5+ Kg6 38. Ke4 Be1 39. f4 Kh6 40.
Kf5 Kh7 41. g4 hxg4 42. Kxg4 g6 43. h4 Bb4 44. f5 Kg7 45. fxg6 Kxg6 46. h5+ Kh6
47. Rf5 Kg7 48. Kf4 Kh6 49. Ke4 Bd2 50. Kd3 Bg5 51. Rxa5 Kxh5 52. b4 Kg4 53. b5
f5 54. b6 Bd8 55. Ra4+ Kg3 56. b7 Bc7 57. Ra8 Kg2 58. b8=Q Bxb8 59. Rxb8 f4 60.
Rf8 Kf3 61. Rg8 Kf2 62. Ke4 1-0

[Event "CYCC U18"]
[Site "Calgary CAN"]
[Date "2023.07.21"]
[Round "5.14"]
[White "Diep, Jarret"]
[Black "Tremblay, Xavier"]
[Result "1-0"]
[WhiteElo "1395"]
[BlackElo "1495"]
[PlyCount "83"]
[EventDate "2023.07.19"]
[EventType "swiss"]
[EventRounds "5"]
[EventCountry "CAN"]

1. d4 Nf6 2. c4 g6 3. Nf3 Bg7 4. g3 d6 5. Bg2 O-O 6. O-O Nbd7 7. Nc3 e5 8. e4
Nh5 9. dxe5 Nxe5 10. Nxe5 Bxe5 11. f4 Bxc3 12. bxc3 Qe7 13. f5 c5 14. Bh6 Re8
15. fxg6 hxg6 16. Qd3 Kh7 17. Bf4 Nxf4 18. Rxf4 Be6 19. Raf1 Kg7 20. h4 Rad8
21. Kh2 Rf8 22. Bh3 Bxh3 23. Kxh3 Qe6+ 24. Kg2 Rde8 25. h5 g5 26. h6+ Kh8 27.
Rf6 Qxe4+ 28. Qxe4 Rxe4 29. Rxf7 Rxf7 30. Rxf7 Rxc4 31. Rxb7 Rxc3 32. Kh3 Re3
33. Kg4 Re5 34. Kh5 c4 35. Kg6 Re6+ 36. Kxg5 d5 37. g4 Rc6 38. Kh5 c3 39. g5 c2
40. Rb8+ Kh7 41. g6+ Rxg6 42. Rb7+ 1-0

[Event "CYCC U18"]
[Site "Calgary CAN"]
[Date "2023.07.21"]
[Round "6.2"]
[White "Kapra, Jerjis"]
[Black "Doknjas, Neil"]
[Result "1/2-1/2"]
[WhiteElo "2198"]
[BlackElo "2297"]
[PlyCount "117"]
[EventDate "2023.07.19"]
[EventType "swiss"]
[EventRounds "5"]
[EventCountry "CAN"]

1. e4 c5 2. Nc3 e6 3. Nge2 Nc6 4. g3 d5 5. exd5 exd5 6. d4 cxd4 7. Nxd4 Nf6 8.
Bg2 Bg4 9. Qd3 Bc5 10. Nxc6 bxc6 11. O-O O-O 12. Na4 Be7 13. Be3 Qa5 14. b3 Nd7
15. Bd4 Rad8 16. Qe3 Rfe8 17. Bc3 Qc7 18. Qd2 Be6 19. Rad1 Nb6 20. Qd4 Bf6 21.
Qb4 Bxc3 22. Nxc3 c5 23. Qa5 Re7 24. Rfe1 Red7 25. h3 h6 26. Rd2 Qc8 27. Na4
Nxa4 28. Qxa4 Qc7 29. Red1 Kh7 30. Qb5 Rd6 31. Qe2 Qd7 32. Kh2 g6 33. Qe5 f6
34. Qf4 Kg7 35. Re1 a5 36. Rde2 Re8 37. Qd2 a4 38. Qa5 axb3 39. axb3 Qc8 40.
Qa7+ Rd7 41. Qb6 Bf7 42. Rxe8 Bxe8 43. Re6 Bf7 44. Rc6 Qf8 45. Rxc5 Qd6 46.
Qxd6 Rxd6 47. b4 f5 48. Bf1 Rb6 49. b5 Kf6 50. f4 Ke6 51. Kg1 Be8 52. c4 dxc4
53. Bxc4+ Kd6 54. Re5 Bd7 55. Rd5+ Kc7 56. Kf2 Be6 57. Rd4 Bxc4 58. Rxc4+ Kd6
59. Rc8 1/2-1/2

[Event "CYCC U18"]
[Site "Calgary CAN"]
[Date "2023.07.21"]
[Round "6.3"]
[White "Hoekman, Samuel"]
[Black "Gao, Raymond"]
[Result "1-0"]
[WhiteElo "2005"]
[BlackElo "2222"]
[PlyCount "116"]
[EventDate "2023.07.19"]
[EventType "swiss"]
[EventRounds "5"]
[EventCountry "CAN"]

1. d4 Nf6 2. c4 c5 3. d5 b5 4. a4 Qa5+ 5. Bd2 b4 6. f3 g6 7. e4 d6 8. Bd3 Bg7
9. Ne2 O-O 10. Qc1 Nbd7 11. Ng3 Re8 12. O-O Ne5 13. Be2 e6 14. f4 Ned7 15. Be1
exd5 16. exd5 h5 17. Bf3 Nb6 18. Nd2 Bg4 19. b3 h4 20. Nge4 Nxe4 21. Nxe4 Bxf3
22. gxf3 Nd7 23. Bxh4 Qc7 24. Ra2 Bd4+ 25. Kh1 Nf8 26. f5 Qd7 27. Rg2 Qxf5 28.
Nxd6 Qd3 29. Nxe8 Rxe8 30. Qd1 Re3 31. Qxd3 Rxd3 32. Rb1 Rxf3 33. Bg3 Rd3 34.
Re2 Bf6 35. Be5 Bg5 36. Bd6 Nd7 37. Re8+ Kg7 38. Ra8 Kh6 39. Rxa7 Nf6 40. Be7
Ne4 41. Bxg5+ Nxg5 42. Rb2 f5 43. Re7 f4 44. Re1 f3 45. a5 Ne4 46. a6 f2 47.
Rf1 Rf3 48. a7 Rf8 49. Rbxf2 Nxf2+ 50. Rxf2 Ra8 51. Rf7 Kg5 52. Kg2 Kg4 53. h3+
Kg5 54. Kg3 Kh5 55. Rc7 Kg5 56. d6 Re8 57. d7 Re3+ 58. Kf2 Kh4 1-0

[Event "CYCC U18"]
[Site "Calgary CAN"]
[Date "2023.07.21"]
[Round "6.4"]
[White "Xu, Philip"]
[Black "Han, Johnathan"]
[Result "0-1"]
[WhiteElo "1878"]
[BlackElo "2404"]
[PlyCount "60"]
[EventDate "2023.07.19"]
[EventType "swiss"]
[EventRounds "5"]
[EventCountry "CAN"]

1. c4 Nf6 2. Nc3 e6 3. e4 c5 4. e5 Ng8 5. Nf3 Nc6 6. d4 cxd4 7. Nxd4 Nxe5 8.
Ndb5 a6 9. Nd6+ Bxd6 10. Qxd6 f6 11. Be3 Ne7 12. Bb6 Nf5 13. Qc5 d6 14. Bxd8
dxc5 15. Bb6 Nd7 16. Bc7 Ra7 17. g4 Nd4 18. O-O-O b6 19. Bd6 Bb7 20. Rg1 Bf3
21. Re1 Kf7 22. Bf4 g5 23. Be3 Ne5 24. h3 Rd7 25. Bxg5 Bc6 26. Bxf6 Kxf6 27.
Ne4+ Bxe4 28. Rxe4 Nec6 29. f4 Rhd8 30. g5+ Kf7 0-1

[Event "CYCC U18"]
[Site "Calgary CAN"]
[Date "2023.07.21"]
[Round "6.5"]
[White "Issani, Nameer"]
[Black "Qiu, Andrew Yu"]
[Result "1-0"]
[WhiteElo "2242"]
[BlackElo "1867"]
[PlyCount "95"]
[EventDate "2023.07.19"]
[EventType "swiss"]
[EventRounds "5"]
[EventCountry "CAN"]

1. Nf3 Nf6 2. g3 e6 3. Bg2 d5 4. O-O c5 5. d3 Nc6 6. Nbd2 Bd6 7. e4 O-O 8. Re1
dxe4 9. dxe4 e5 10. c3 h6 11. Qc2 Be6 12. Nf1 Qc7 13. h3 Rfd8 14. g4 Bf8 15.
Be3 Rd7 16. Ng3 Rad8 17. b3 b5 18. g5 Nh7 19. gxh6 gxh6 20. Qc1 Kh8 21. Nh5 f5
22. exf5 Bxf5 23. Nh4 Bd3 24. Bxh6 Bxh6 25. Qxh6 Rd6 26. Qe3 Qe7 27. Nf3 e4 28.
Nh2 Rg8 29. Ng3 Re6 30. a4 b4 31. Rac1 bxc3 32. Rxc3 Nd4 33. b4 Nc2 34. Rxc2
Bxc2 35. Rc1 Bxa4 36. Rxc5 a6 37. Ng4 Ng5 38. Nf5 Qd8 39. Qc3+ Kh7 40. Rc7+ Kg6
41. Ne7+ Kh5 42. Nxg8 Qd1+ 43. Kh2 Qd6+ 44. Qg3 Qf8 45. N4f6+ Rxf6 46. Nxf6+
Qxf6 47. h4 Nf7 48. Rxf7 1-0

[Event "CYCC U18"]
[Site "Calgary CAN"]
[Date "2023.07.21"]
[Round "6.6"]
[White "Wang, Jerry"]
[Black "Qiu, Peter Yong"]
[Result "1-0"]
[WhiteElo "2122"]
[BlackElo "1887"]
[PlyCount "75"]
[EventDate "2023.07.19"]
[EventType "swiss"]
[EventRounds "5"]
[EventCountry "CAN"]

1. b3 e5 2. Bb2 Nc6 3. e3 d6 4. d4 exd4 5. exd4 Qe7+ 6. Be2 Bg4 7. Nc3 Nf6 8.
Qd2 O-O-O 9. O-O-O Bxe2 10. Ngxe2 g6 11. Kb1 d5 12. f3 h5 13. a3 Bh6 14. Qd3 a6
15. Na4 Qe3 16. Nc1 Qxd3 17. Nxd3 Rhe8 18. Ne5 Nxe5 19. dxe5 Ng8 20. Rhe1 b6
21. g3 Re6 22. f4 Ne7 23. Nc3 c6 24. Ne2 Nf5 25. Rd3 Bg7 26. h3 f6 27. g4 hxg4
28. hxg4 Nh6 29. Nd4 Rde8 30. Nxe6 Rxe6 31. Rg1 fxe5 32. fxe5 Nf7 33. Rf1 Ng5
34. c4 dxc4 35. bxc4 Rxe5 36. Bc1 Ne4 37. Re1 Nc5 38. Rde3 1-0

[Event "CYCC U18"]
[Site "Calgary CAN"]
[Date "2023.07.21"]
[Round "6.7"]
[White "Harms, Reece"]
[Black "Jacobs, Michael"]
[Result "0-1"]
[WhiteElo "1826"]
[BlackElo "2026"]
[PlyCount "174"]
[EventDate "2023.07.19"]
[EventType "swiss"]
[EventRounds "5"]
[EventCountry "CAN"]

1. e4 c6 2. d4 d5 3. e5 Bf5 4. h4 Qc7 5. Bd3 Bxd3 6. Qxd3 c5 7. c3 e6 8. Be3
Qb6 9. Nd2 Nc6 10. Ngf3 Rc8 11. O-O cxd4 12. cxd4 Nge7 13. Qb3 Qa6 14. a4 Nf5
15. Qb5 Be7 16. Qxa6 bxa6 17. Rac1 O-O 18. g3 Nb4 19. Rc3 Na2 20. Rb3 Rc7 21.
Nb1 Nxe3 22. Rxe3 Rb8 23. b3 Rc2 24. Rd1 Rb2 25. Nbd2 Rc8 26. Rb1 Rxb1+ 27.
Nxb1 Rc1+ 28. Re1 Rxe1+ 29. Nxe1 Nc1 30. Nc2 Nxb3 31. Kf1 Bd8 32. Ke2 Ba5 33.
h5 g6 34. hxg6 fxg6 35. Kd3 h5 36. Ne3 g5 37. Ng2 Bb6 38. f4 Nxd4 39. fxg5 Nf3
40. Nf4 Nxe5+ 41. Ke2 Kf7 42. Nxh5 Bd8 43. Nf6 Kg6 44. Ke3 Kxg5 45. Nxd5 exd5
46. Kd4 Nc4 47. Kxd5 Nb6+ 48. Kc6 Nxa4 49. Kb7 Nc5+ 50. Kxa7 a5 51. Nd2 a4 52.
Nc4 Kg4 53. Kb8 Kxg3 54. Kc8 Ba5 55. Kb8 Kf3 56. Ka7 Ke2 57. Kb8 Kd3 58. Nb2+
Kc3 59. Nxa4+ Nxa4 60. Kb7 Kc4 61. Ka6 Kb4 62. Kb7 Kb5 63. Ka7 Nc5 64. Kb8 Kc6
65. Ka8 Ne6 66. Kb8 Nc7 67. Ka7 Bb6+ 68. Kb8 Bd4 69. Kc8 Ba7 70. Kd8 Nd5 71.
Ke8 Kd6 72. Kf7 Ne7 73. Kg7 Be3 74. Kf6 Bf4 75. Kf7 Bg5 76. Ke8 Ke6 77. Kd8 Bf4
78. Ke8 Bc7 79. Kf8 Nf5 80. Ke8 Ng7+ 81. Kf8 Kf6 82. Kg8 Kg6 83. Kf8 Bd6+ 84.
Kg8 Nf5 85. Kh8 Bc5 86. Kg8 Nh6+ 87. Kh8 Bd4# 0-1

[Event "CYCC U18"]
[Site "Calgary CAN"]
[Date "2023.07.21"]
[Round "6.10"]
[White "Eirew, David"]
[Black "Pan, Kane"]
[Result "1-0"]
[WhiteElo "1336"]
[BlackElo "1574"]
[PlyCount "35"]
[EventDate "2023.07.19"]
[EventType "swiss"]
[EventRounds "5"]
[EventCountry "CAN"]

1. e4 c5 2. Nc3 Nc6 3. f4 g6 4. Nf3 Bg7 5. Bb5 e6 6. Bxc6 bxc6 7. d3 Ne7 8. O-O
O-O 9. Qe1 d5 10. e5 Nf5 11. Qf2 Qe7 12. g4 Nh6 13. h3 Ba6 14. f5 f6 15. g5
Nxf5 16. gxf6 Bxf6 17. exf6 Rxf6 18. Bg5 1-0

[Event "CYCC U18"]
[Site "Calgary CAN"]
[Date "2023.07.21"]
[Round "6.11"]
[White "Yuan, Justin"]
[Black "Yim, Justin"]
[Result "1-0"]
[WhiteElo "1519"]
[BlackElo "967"]
[PlyCount "57"]
[EventDate "2023.07.19"]
[EventType "swiss"]
[EventRounds "5"]
[EventCountry "CAN"]

1. d4 d5 2. c4 e6 3. cxd5 exd5 4. Nc3 Nf6 5. Bg5 Be7 6. Nf3 O-O 7. e3 Bg4 8.
Bd3 Nc6 9. Rc1 Re8 10. O-O Nb4 11. Be2 Ne4 12. Bf4 Bd6 13. Bxd6 Qxd6 14. Nb5
Qg6 15. Ne5 Bxe2 16. Qxe2 Rxe5 17. dxe5 Qa6 18. a3 c6 19. Nc3 Qxe2 20. Nxe2 Nd3
21. Rc2 Nxe5 22. b3 Rc8 23. f3 Nd6 24. Rd1 Nf5 25. Kf2 g5 26. Rxd5 cxd5 27.
Rxc8+ Kg7 28. Nd4 Nd6 29. Rd8 1-0

[Event "CYCC U18"]
[Site "Calgary CAN"]
[Date "2023.07.21"]
[Round "6.12"]
[White "Yang, Henry"]
[Black "Gilani, Mysha"]
[Result "0-1"]
[WhiteElo "1818"]
[BlackElo "1711"]
[PlyCount "46"]
[EventDate "2023.07.19"]
[EventType "swiss"]
[EventRounds "5"]
[EventCountry "CAN"]

1. d4 Nf6 2. c4 e6 3. Nf3 d5 4. g3 Be7 5. Bg2 Nbd7 6. O-O O-O 7. Qc2 b6 8. cxd5
exd5 9. Bf4 c5 10. dxc5 bxc5 11. Rd1 Bb7 12. Nbd2 Re8 13. Nb3 Qb6 14. Ne5 d4
15. Bxb7 Qxb7 16. Nxd7 Nxd7 17. Rac1 Rac8 18. Bd2 Bd6 19. e3 Ne5 20. h4 d3 21.
Qc3 Nf3+ 22. Kg2 Nxd2+ 23. Kh3 Ne4 0-1

[Event "CYCC U18"]
[Site "Calgary CAN"]
[Date "2023.07.21"]
[Round "6.13"]
[White "Guo, Roger"]
[Black "Fu, Matt"]
[Result "1-0"]
[WhiteElo "1413"]
[BlackElo "1186"]
[PlyCount "45"]
[EventDate "2023.07.19"]
[EventType "swiss"]
[EventRounds "5"]
[EventCountry "CAN"]

1. d4 d5 2. c4 Nf6 3. Nf3 Bf5 4. g3 e6 5. Bg2 c5 6. O-O Nc6 7. cxd5 Nxd5 8. Ne5
Nxe5 9. dxe5 Nb4 10. Qa4+ Qd7 11. Qxd7+ Kxd7 12. Na3 Rb8 13. Bd2 Nc6 14. Rfd1
Kc7 15. Rac1 Nxe5 16. Bf4 f6 17. Nc4 g5 18. Nxe5 gxf4 19. Rd7+ Kc8 20. Rcd1 Bh6
21. Nf7 e5 22. R7d5 Be6 23. Rxc5# 1-0

[Event "CYCC U18"]
[Site "Calgary CAN"]
[Date "2023.07.21"]
[Round "6.14"]
[White "Scrieciu, Cristian"]
[Black "Diep, Jarret"]
[Result "1/2-1/2"]
[WhiteElo "1626"]
[BlackElo "1395"]
[PlyCount "44"]
[EventDate "2023.07.19"]
[EventType "swiss"]
[EventRounds "5"]
[EventCountry "CAN"]

1. d4 Nf6 2. c4 e6 3. Nf3 b6 4. g3 Ba6 5. b3 Bb4+ 6. Bd2 Be7 7. Nc3 O-O 8. e4
d5 9. e5 Ne4 10. Qc2 Nxd2 11. Qxd2 c6 12. Nd1 c5 13. cxd5 Bxf1 14. Kxf1 Qxd5
15. Kg2 cxd4 16. Qxd4 Qb7 17. Re1 Rd8 18. Qe4 Qxe4 19. Rxe4 Rd5 20. Rc1 Na6 21.
Rec4 Rc5 22. Ne3 Rac8 1/2-1/2

[Event "CYCC U18"]
[Site "Calgary CAN"]
[Date "2023.07.22"]
[Round "7.3"]
[White "Han, Johnathan"]
[Black "Kapra, Jerjis"]
[Result "1-0"]
[WhiteElo "2404"]
[BlackElo "2198"]
[PlyCount "105"]
[EventDate "2023.07.19"]
[EventType "swiss"]
[EventRounds "5"]
[EventCountry "CAN"]

1. e4 e5 2. Nf3 Nc6 3. d4 exd4 4. Nxd4 Nf6 5. Nxc6 bxc6 6. e5 Qe7 7. Qe2 Nd5 8.
c4 Nb6 9. Nc3 a5 10. f4 Ba6 11. Qf3 Qb4 12. b3 a4 13. Rb1 axb3 14. axb3 Bc5 15.
Bd2 Qa3 16. Bd3 d5 17. Ke2 Bb7 18. cxd5 Nxd5 19. Ne4 Bb6 20. b4 Ba6 21. Rhc1
Bxd3+ 22. Qxd3 Qxd3+ 23. Kxd3 O-O-O 24. Ke2 f6 25. e6 f5 26. Ng5 Rd6 27. Ra1
Kb7 28. Kf1 Re8 29. Re1 h6 30. Nf7 Nf6 31. Nxd6+ cxd6 32. Be3 Bxe3 33. Rxe3 Nd5
34. Rea3 Rxe6 35. Ra7+ Kb6 36. Rxg7 Nxf4 37. Rf7 Nd5 38. Re1 Rg6 39. Rxf5 Nxb4
40. h4 d5 41. h5 Rd6 42. Rfe5 Rf6+ 43. Kg1 Nd3 44. Re6 Rf5 45. Rb1+ Kc5 46.
Rxh6 Nf4 47. Rc1+ Kb5 48. Rcxc6 Rg5 49. Kf2 Nxh5 50. Rcg6 Rf5+ 51. Ke3 Nf4 52.
Rb6+ Ka5 53. Rb2 1-0

[Event "CYCC U18"]
[Site "Calgary CAN"]
[Date "2023.07.22"]
[Round "7.4"]
[White "Chandra, Anand Rishi"]
[Black "Wang, Jerry"]
[Result "1-0"]
[WhiteElo "2199"]
[BlackElo "2122"]
[PlyCount "125"]
[EventDate "2023.07.19"]
[EventType "swiss"]
[EventRounds "5"]
[EventCountry "CAN"]

1. e4 c6 2. Nf3 d5 3. d3 dxe4 4. dxe4 Qxd1+ 5. Kxd1 Bg4 6. Be2 Nd7 7. Nbd2 e5
8. Ne1 Bxe2+ 9. Kxe2 Bd6 10. a4 f6 11. Nc4 Bc7 12. Be3 Ne7 13. Nd3 Ng6 14. g3
O-O 15. Rhd1 Rfd8 16. a5 a6 17. Ra3 Ngf8 18. Rb3 Rdb8 19. Nc5 Nxc5 20. Bxc5 Ne6
21. Be3 Kf8 22. f4 Ke8 23. f5 Nf8 24. Bb6 Rc8 25. Bxc7 Rxc7 26. Nd6+ Ke7 27.
Nxb7 Nd7 28. Nd6 Nc5 29. Re3 Rd8 30. Nc4 Rxd1 31. Kxd1 Rd7+ 32. Nd2 Rd4 33. Ke2
Rb4 34. b3 Nb7 35. c3 Rb5 36. b4 c5 37. Nb3 c4 38. Nd2 Nd6 39. g4 Rb8 40. h4 h6
41. Rg3 Kf7 42. Rg1 Rc8 43. Rd1 Ke7 44. Rc1 Rg8 45. Kf3 Rc8 46. Nf1 Nb5 47. Ne3
Rd8 48. Nd5+ Kf7 49. Re1 Rc8 50. Ke3 Rd8 51. Kd2 Nc7 52. Kc2 Nxd5 53. exd5 Rxd5
54. Re4 Ke7 55. Rxc4 Kd7 56. Re4 Kc6 57. Re3 Rd8 58. Rd3 Rxd3 59. Kxd3 Kb5 60.
Ke4 Kc4 61. h5 Kb5 62. Kd5 Ka4 63. Kc4 1-0

[Event "CYCC U18"]
[Site "Calgary CAN"]
[Date "2023.07.22"]
[Round "7.6"]
[White "Qiu, Andrew Yu"]
[Black "Xu, Philip"]
[Result "1-0"]
[WhiteElo "1867"]
[BlackElo "1878"]
[PlyCount "65"]
[EventDate "2023.07.19"]
[EventType "swiss"]
[EventRounds "5"]
[EventCountry "CAN"]

1. e4 c6 2. d4 d5 3. f3 Qb6 4. Nc3 dxe4 5. Bc4 e3 6. Bb3 Nf6 7. Bxe3 e6 8. Qd2
Qa5 9. Nge2 Nbd7 10. O-O Be7 11. Ng3 Nb6 12. Qd3 Nbd5 13. Nxd5 Nxd5 14. Bd2 Qc7
15. f4 h5 16. c4 Nf6 17. c5 h4 18. Ne4 b6 19. Rac1 Bb7 20. f5 e5 21. dxe5 Nxe4
22. Qxe4 Bxc5+ 23. Rxc5 bxc5 24. Bg5 Ba6 25. Rd1 c4 26. Ba4 O-O 27. Bf6 Rfd8
28. Rxd8+ Rxd8 29. Qg4 Qb6+ 30. Kh1 Kf8 31. Qxg7+ Ke8 32. Bxc6+ Qxc6 33. Qg8+
1-0

[Event "CYCC U18"]
[Site "Calgary CAN"]
[Date "2023.07.22"]
[Round "7.7"]
[White "Yuan, Justin"]
[Black "Eirew, David"]
[Result "0-1"]
[WhiteElo "1519"]
[BlackElo "1336"]
[PlyCount "94"]
[EventDate "2023.07.19"]
[EventType "swiss"]
[EventRounds "5"]
[EventCountry "CAN"]

1. d4 d5 2. c4 e6 3. g3 c6 4. cxd5 exd5 5. Bg2 Nf6 6. Nc3 Bf5 7. Bf4 Bd6 8. e3
Bxf4 9. exf4 O-O 10. Nf3 Re8+ 11. Ne5 Nfd7 12. O-O f6 13. g4 Nxe5 14. dxe5 Bd7
15. exf6 Qxf6 16. Qb3 Bxg4 17. Qxb7 Nd7 18. h3 Bf5 19. Qa6 Nc5 20. Nxd5 Qg6 21.
Qxc6 Qxc6 22. Ne7+ Rxe7 23. Bxc6 Rc8 24. Bd5+ Be6 25. Rfe1 Rcc7 26. Rxe6 Nxe6
27. f5 Rc5 28. Bxe6+ Kf8 29. Rd1 g6 30. b3 gxf5 31. Bc4 Rg7+ 32. Kf1 Ke7 33.
Ke2 Rg6 34. Kf3 Rd6 35. Re1+ Kf6 36. Re8 Rc7 37. Rf8+ Kg5 38. Kg3 Rg6 39. h4+
Kh6+ 40. Kf4 Rg4+ 41. Kxf5 Rxh4 42. f4 Rc5+ 43. Ke6 Kg7 44. Rf7+ Kg8 45. Rxa7
Rxf4 46. Bd5 Rd4 47. Kf6+ Rcxd5 0-1